[Event "RUS-ch U21"]
[Site "Moscow"]
[Date "2020.12.15"]
[Round "8"]
[White "Salemgareev, Tagir"]
[Black "Ofitserian, Boris"]
[Result "1-0"]
[WhiteElo "2463"]
[BlackElo "2376"]
[PlyCount "109"]
[EventDate "2020.12.08"]
[EventType "tourn"]
[EventRounds "9"]
[EventCountry "RUS"]
[EventCategory "9"]
[SourceTitle "CBM 199 Extra"]
[Source "ChessBase"]
[SourceDate "2021.01.31"]
[SourceVersion "1"]
[SourceVersionDate "2021.01.31"]
[SourceQuality "1"]

1. Nf3 c5 2. c4 g6 3. d4 cxd4 4. Nxd4 Bg7 5. e4 Nc6 6. Be3 Nf6 7. Nc3 Qa5 8. Nb3 Qd8 9. Be2 0-0 10. 0-0 d6 11. f3 b6 12. Qd2 Ba6 13. Rfc1 Rc8 14. Nb5 Nd7 15. N3d4 Bxb5 16. Nxb5 Nc5 17. Rab1 Ne6 18. Bf1 a6 19. Nc3 Bd4 20. Rd1 Qc7 21. Nd5 Qb7 22. Qf2 Bxe3 23. Qxe3 Rb8 24. b4 Nc7 25. Nc3 Rfc8 26. a3 Qa7 27. a4 a5 28. b5 Nb4 29. e5 Ne8 30. Ne4 dxe5 31. c5 bxc5 32. Bc4 e6 33. Rd2 Qe7 34. Rbd1 Rb7 35. Qg5 Qxg5 36. Nxg5 Nd5 37. Bxd5 exd5 38. Rxd5 f6 39. Ne4 c4 40. Rd8 Rbb8 41. Rxe8+ Rxe8 42. Nxf6+ Kf7 43. Nxe8 Rxe8 44. Kf2 Ke6 45. Ke3 Rc8 46. Kd2 c3+ 47. Kc2 Rc4 48. b6 Rb4 49. Rb1 Kd6 50. Rb3 Kc6 51. Kxc3 Rxb3+ 52. Kxb3 Kxb6 53. Kc4 Kc6 54. g3 h6 55. h3 1-0

[Event "RUS-ch U21"]
[Site "Moscow"]
[Date "2020.12.12"]
[Round "5"]
[White "Ofitserian, Boris"]
[Black "Pogosyan, Stefan"]
[Result "1/2-1/2"]
[WhiteElo "2376"]
[BlackElo "2430"]
[PlyCount "108"]
[EventDate "2020.12.08"]
[EventType "tourn"]
[EventRounds "9"]
[EventCountry "RUS"]
[EventCategory "9"]
[SourceTitle "CBM 199 Extra"]
[Source "ChessBase"]
[SourceDate "2021.01.31"]
[SourceVersion "1"]
[SourceVersionDate "2021.01.31"]
[SourceQuality "1"]

1. Nf3 Nf6 2. c4 e6 3. g3 d5 4. Bg2 d4 5. 0-0 c5 6. e3 Nc6 7. exd4 cxd4 8. d3 Be7 9. Bg5 0-0 10. Bxf6 Bxf6 11. Nbd2 e5 12. Re1 Bf5 13. Ne4 Be7 14. a3 a5 15. Rc1 Qd7 16. Qa4 Qc7 17. c5 Bd7 18. Nfd2 Nb8 19. Qd1 a4 20. Nc4 Bc6 21. Ned6 Bxg2 22. Kxg2 Nd7 23. Qf3 Nxc5 24. Rxe5 Nxd3 25. Qxd3 Bxd6 26. Rd5 Bc5 27. Ne5 b6 28. Qxd4 Rad8 29. Rxd8 Rxd8 30. Qf4 h6 31. Rc2 Rd4 32. Qe3 Rd5 33. Nf3 Qd7 34. Qe4 Rd1 35. Re2 g6 36. h4 b5 37. h5 gxh5 38. Qf4 Bf8 39. Qb8 Qd3 40. Qe5 Bg7 41. Qe8+ Kh7 42. Qe7 Qc4 43. Kh2 Qd3 44. Kg2 Rc1 45. Ne1 Qd5+ 46. Nf3 Rc6 47. Rd2 Qe6 48. Qb7 Rc5 49. Rd7 Qc6 50. Rxf7 Qxb7 51. Rxb7 Kg8 52. Rb8+ Kh7 53. Rb7 Kg8 54. Rb8+ Kh7 1/2-1/2

[Event "RUS-ch U21"]
[Site "Moscow"]
[Date "2020.12.08"]
[Round "1"]
[White "Ofitserian, Boris"]
[Black "Murzin, Volodar"]
[Result "0-1"]
[WhiteElo "2376"]
[BlackElo "2464"]
[PlyCount "32"]
[EventDate "2020.12.08"]
[EventType "tourn"]
[EventRounds "9"]
[EventCountry "RUS"]
[EventCategory "9"]
[SourceTitle "CBM 199 Extra"]
[Source "ChessBase"]
[SourceDate "2021.01.31"]
[SourceVersion "1"]
[SourceVersionDate "2021.01.31"]
[SourceQuality "1"]

1. e4 c5 2. Nf3 d6 3. d4 cxd4 4. Qxd4 a6 5. h3 Nc6 6. Qe3 g6 7. c4 Bg7 8. Nc3 Nf6 9. Be2 0-0 10. Rb1 Nd7 11. 0-0 Qa5 12. Bd2 Qc5 13. Rfc1 Nde5 14. Nd5 e6 15. Qf4 exd5 16. cxd5 Nd4 0-1

[Event "RUS-chT 26th"]
[Site "Sochi"]
[Date "2019.05.10"]
[Round "9.5"]
[White "Kezin, Roman"]
[Black "Ofitserian, Boris"]
[Result "1-0"]
[WhiteElo "2468"]
[BlackElo "2413"]
[PlyCount "73"]
[EventDate "2019.05.01"]
[EventType "team-tourn"]
[EventRounds "9"]
[EventCountry "RUS"]
[SourceTitle "CBM 190 Extra"]
[Source "ChessBase"]
[SourceDate "2019.07.15"]
[SourceVersion "1"]
[SourceVersionDate "2019.07.15"]
[SourceQuality "1"]
[WhiteTeam "Novosibirsk Siberia"]
[BlackTeam "Moscow Region"]
[WhiteTeamCountry "RUS"]
[BlackTeamCountry "RUS"]

1. c4 Nf6 2. Nc3 c5 3. Nf3 d5 4. cxd5 Nxd5 5. e3 Nxc3 6. bxc3 g6 7. Bb5+ Nd7 8. 0-0 Bg7 9. d4 0-0 10. a4 Qc7 11. Qe2 b6 12. e4 a6 13. Bd3 e5 14. d5 Nf6 15. Nd2 Ne8 16. c4 Nd6 17. Bb2 g5 18. a5 b5 19. Nb3 f5 20. Rac1 Rb8 21. cxb5 fxe4 22. b6 exd3 23. bxc7 Rxb3 24. Qd2 Rf4 25. f3 c4 26. Bc3 Nb5 27. Ba1 Nd6 28. Rb1 Rb5 29. Rxb5 Nxb5 30. g3 Rf5 31. Rc1 Nd6 32. Qe3 h5 33. h3 Kh7 34. g4 Rf7 35. Bc3 Rxc7 36. Bb4 Nb5 37. Rxc4 1-0

[Event "RUS-chT 26th"]
[Site "Sochi"]
[Date "2019.05.07"]
[Round "6.5"]
[White "Popov, Ivan1111"]
[Black "Ofitserian, Boris"]
[Result "1-0"]
[WhiteElo "2600"]
[BlackElo "2413"]
[PlyCount "63"]
[EventDate "2019.05.01"]
[EventType "team-tourn"]
[EventRounds "9"]
[EventCountry "RUS"]
[SourceTitle "CBM 190 Extra"]
[Source "ChessBase"]
[SourceDate "2019.07.15"]
[SourceVersion "1"]
[SourceVersionDate "2019.07.15"]
[SourceQuality "1"]
[WhiteTeam "Moscow Legacy Square"]
[BlackTeam "Moscow Region"]
[WhiteTeamCountry "RUS"]
[BlackTeamCountry "RUS"]

1. e4 c5 2. Nc3 d6 3. d4 cxd4 4. Qxd4 Nc6 5. Qd2 g6 6. b3 Bh6 7. f4 Nf6 8. Bb2 e5 9. g3 0-0 10. 0-0-0 Be6 11. Kb1 a5 12. a4 Qb6 13. Bh3 Nd4 14. Bxe6 Nxe6 15. Nge2 Rfd8 16. Nd5 Nxd5 17. exd5 Nc5 18. Nc3 Qb4 19. h4 Rac8 20. h5 Bg7 21. hxg6 fxg6 22. fxe5 Bxe5 23. Rh4 Qb6 24. Nb5 Bxb2 25. Kxb2 Rf8 26. Rxh7 Nd3+ 27. Qxd3 Kxh7 28. Rh1+ Kg7 29. Nd4 Rf2 30. Qe4 Qb4 31. Qe7+ Rf7 32. Nf5+ 1-0

[Event "Sochi Amateur op 6th"]
[Site "Sochi"]
[Date "2019.04.13"]
[Round "9"]
[White "Ofitserian, Boris"]
[Black "Tekeyev, Zaur"]
[Result "1-0"]
[WhiteElo "2409"]
[BlackElo "2394"]
[PlyCount "157"]
[EventDate "2019.04.07"]
[EventType "swiss"]
[EventRounds "9"]
[EventCountry "RUS"]
[SourceTitle "CBM 189 Extra"]
[Source "ChessBase"]
[SourceDate "2019.06.03"]
[SourceVersion "1"]
[SourceVersionDate "2019.06.03"]
[SourceQuality "1"]

1. Nf3 Nf6 2. b3 g6 3. Bb2 Bg7 4. g3 d6 5. d4 c5 6. Bg2 cxd4 7. Nxd4 d5 8. 0-0 0-0 9. c4 e5 10. Nb5 a6 11. N5c3 d4 12. Na4 Nc6 13. Nd2 Re8 14. c5 Be6 15. Nb6 Rb8 16. Ndc4 Qc7 17. Nd6 Red8 18. Nbc4 Nd5 19. Qd2 Qe7 20. Rac1 Qf8 21. e4 dxe3 22. fxe3 Nde7 23. Qe1 Rd7 24. b4 Nd5 25. Bxd5 Bxd5 26. Nb6 Rxd6 27. cxd6 Be6 28. Rd1 Rd8 29. a3 Rxd6 30. Na4 Bh6 31. Rxd6 Qxd6 32. Nc5 Bh3 33. Rf3 f5 34. e4 Nd4 35. Rf2 b6 36. Nd3 Nc6 37. Qe2 Bg4 38. Qc2 Be3 39. Qc4+ Kf8 40. Qd5 Qc7 41. Qc4 Be2 42. exf5 b5 43. Qe4 Bxf2+ 44. Kxf2 Bxd3 45. Qxd3 gxf5 46. Qd5 Ke7 47. Qg8 Kd6 48. Qf8+ Ke6 49. Qg8+ Qf7 50. Qg5 Kd6 51. Kg2 Qa2 52. Qh6+ Kc7 53. Qd2 Qc4 54. h4 Qe4+ 55. Kh2 Qf3 56. Qc2 Kb7 57. Qd2 f4 58. gxf4 exf4 59. Qd7+ Kb8 60. Qd6+ Kc8 61. Qf8+ Kc7 62. Qg7+ Kd6 63. Qf6+ Kc7 64. Qg7+ Kb6 65. Bd4+ Nxd4 66. Qxd4+ Kc7 67. Qe5+ Kd7 68. Qg7+ Ke6 69. Qg8+ Ke5 70. Qg7+ Kd6 71. Qf8+ Ke5 72. Qg7+ Ke4 73. Qb7+ Ke3 74. Qe7+ Kf2 75. Qc5+ Qe3 76. h5 Kf1 77. Qg5 Qe2+ 78. Kh1 f3 79. Qg1# 1-0

[Event "Sochi Amateur op 6th"]
[Site "Sochi"]
[Date "2019.04.08"]
[Round "3"]
[White "Ofitserian, Boris"]
[Black "Solovyev, Artem"]
[Result "1-0"]
[WhiteElo "2409"]
[BlackElo "2155"]
[PlyCount "82"]
[EventDate "2019.04.07"]
[EventType "swiss"]
[EventRounds "9"]
[EventCountry "RUS"]
[SourceTitle "CBM 189 Extra"]
[Source "ChessBase"]
[SourceDate "2019.06.03"]
[SourceVersion "1"]
[SourceVersionDate "2019.06.03"]
[SourceQuality "1"]

1. Nf3 Nf6 2. c4 g6 3. Nc3 Bg7 4. e4 d6 5. d4 0-0 6. h3 c5 7. d5 e6 8. Bd3 exd5 9. exd5 Re8+ 10. Be3 Na6 11. 0-0 Nc7 12. a4 Na6 13. Rc1 Nb4 14. Bb1 a6 15. Qd2 Bd7 16. Bf4 Qc7 17. Bh2 b5 18. b3 Rad8 19. axb5 axb5 20. Qf4 Qa5 21. Qxd6 bxc4 22. bxc4 Bxh3 23. Qc7 Qxc7 24. Bxc7 Rc8 25. Bg3 Bg4 26. Nb5 Red8 27. Ne5 Ra8 28. Nxg4 Nxg4 29. Rfe1 Ra1 30. Rcd1 h6 31. Bd6 Bf8 32. Bc7 Rd7 33. f3 Nf6 34. Be5 Ra6 35. Bc7 Ra8 36. d6 Rc8 37. g4 Na6 38. Be4 Nxe4 39. fxe4 Bg7 40. e5 Re8 41. Ra1 Nb4 1-0

[Event "Sochi Amateur op 6th"]
[Site "Sochi"]
[Date "2019.04.07"]
[Round "1"]
[White "Ofitserian, Boris"]
[Black "Bezgodova, Svetlana"]
[Result "1-0"]
[WhiteElo "2409"]
[BlackElo "2046"]
[PlyCount "81"]
[EventDate "2019.04.07"]
[EventType "swiss"]
[EventRounds "9"]
[EventCountry "RUS"]
[SourceTitle "CBM 189 Extra"]
[Source "ChessBase"]
[SourceDate "2019.06.03"]
[SourceVersion "1"]
[SourceVersionDate "2019.06.03"]
[SourceQuality "1"]

1. d4 Nf6 2. c4 d6 3. Nc3 Nbd7 4. g3 e5 5. Nf3 Be7 6. Bg2 0-0 7. 0-0 c6 8. Qc2 Re8 9. Rd1 Bf8 10. e4 a6 11. a4 a5 12. h3 exd4 13. Nxd4 Nc5 14. Bf4 Qb6 15. Rd2 Be6 16. b3 Nfd7 17. Rb1 g6 18. Be3 Nb8 19. f4 Bc8 20. Bf2 Nba6 21. Qd1 Qb4 22. Ndb5 Bxh3 23. Bxh3 Nxe4 24. Nxe4 Rxe4 25. Nxd6 Bxd6 26. Rxd6 Rae8 27. Rd8 Nc5 28. Qd6 b6 29. Rxe8+ Rxe8 30. Qxc6 Rd8 31. Qc7 Rd3 32. Qb8+ Kg7 33. Bd4+ Kh6 34. Qf8+ Kh5 35. g4+ Kh4 36. Qh6+ Kg3 37. Bf2+ Kf3 38. Bg2+ Ke2 39. Bf1+ Kf3 40. Bxd3 Nxd3 41. Qh3+ 1-0

[Event "RUS-ch blitz"]
[Site "Sochi"]
[Date "2018.10.07"]
[Round "18.35"]
[White "Ofitserian, Boris"]
[Black "Lugovskoy, Maxim"]
[Result "1-0"]
[WhiteElo "2411"]
[BlackElo "2428"]
[PlyCount "87"]
[EventDate "2018.10.07"]
[EventType "swiss (blitz)"]
[EventRounds "20"]
[EventCountry "RUS"]
[SourceTitle "CBM 186 Extra"]
[Source "ChessBase"]
[SourceDate "2018.08.24"]
[SourceVersion "1"]
[SourceVersionDate "2018.08.24"]
[SourceQuality "1"]

1. d4 d5 2. Nf3 e6 3. Bf4 Nf6 4. e3 Bd6 5. Bg5 Be7 6. Bd3 c5 7. c3 Nc6 8. Nbd2 Qb6 9. Rb1 Bd7 10. 0-0 Rc8 11. Qe2 h6 12. Bh4 0-0 13. Ne5 Rfd8 14. f4 Be8 15. Kh1 Qc7 16. Qf3 Ne4 17. Bxe4 dxe4 18. Qg3 Bxh4 19. Qxh4 f5 20. Ndc4 Ne7 21. Rg1 Nd5 22. Qh3 cxd4 23. cxd4 b5 24. Nd2 Qc2 25. Nb3 Qe2 26. Rge1 Qh5 27. Qxh5 Bxh5 28. Nc5 Bf7 29. a3 a5 30. Kg1 g5 31. g3 Kg7 32. Kf2 Rc7 33. h4 g4 34. Rbc1 Rdc8 35. Re2 b4 36. Rec2 Bg8 37. axb4 axb4 38. Ra1 b3 39. Rc4 Nb6 40. Rb4 Nd5 41. Rxb3 Rxc5 42. dxc5 Rxc5 43. Ra7+ Kh8 44. Ng6# 1-0

[Event "RUS-ch blitz"]
[Site "Sochi"]
[Date "2018.10.07"]
[Round "8.17"]
[White "Savchenko, Boris"]
[Black "Ofitserian, Boris"]
[Result "1-0"]
[WhiteElo "2562"]
[BlackElo "2411"]
[PlyCount "41"]
[EventDate "2018.10.07"]
[EventType "swiss (blitz)"]
[EventRounds "20"]
[EventCountry "RUS"]
[SourceTitle "CBM 186 Extra"]
[Source "ChessBase"]
[SourceDate "2018.08.24"]
[SourceVersion "1"]
[SourceVersionDate "2018.08.24"]
[SourceQuality "1"]

1. e4 c5 2. Nf3 d6 3. d4 cxd4 4. Nxd4 Nf6 5. Nc3 a6 6. Bg5 Nbd7 7. Qe2 e6 8. 0-0-0 b5 9. f4 Qc7 10. g4 Bb7 11. Bg2 b4 12. Nd5 exd5 13. exd5+ Kd8 14. Rhe1 Kc8 15. Qe8+ Qd8 16. Qxf7 h6 17. Nc6 Qb6 18. Bxf6 gxf6 19. Rd4 a5 20. Rc4 Qb5 21. Na7+ 1-0

[Event "RUS-ch rapid"]
[Site "Sochi"]
[Date "2018.10.06"]
[Round "10.26"]
[White "Ofitserian, Boris"]
[Black "Triapishko, Alexandr"]
[Result "0-1"]
[WhiteElo "2411"]
[BlackElo "2508"]
[PlyCount "50"]
[EventDate "2018.10.05"]
[EventType "swiss (rapid)"]
[EventRounds "11"]
[EventCountry "RUS"]
[SourceTitle "CBM 186 Extra"]
[Source "ChessBase"]
[SourceDate "2018.08.24"]
[SourceVersion "1"]
[SourceVersionDate "2018.08.24"]
[SourceQuality "1"]

1. d4 Nf6 2. Nf3 g6 3. c4 Bg7 4. Nc3 d5 5. cxd5 Nxd5 6. Bd2 0-0 7. e4 Nxc3 8. Bxc3 Nd7 9. Be2 Nb6 10. a4 f5 11. Qb3+ e6 12. exf5 Rxf5 13. a5 Nd5 14. 0-0 b6 15. Rfe1 Bb7 16. a6 Bc6 17. Bd2 Qd6 18. Rac1 Raf8 19. Qc4 Ba8 20. Ng5 Rxf2 21. Ne4 Bxd4 22. Kh1 Ne3 23. Bxe3 Bxe3 24. Rcd1 Bxe4 25. Qxe4 Rxe2 0-1

[Event "RUS-chT 25th"]
[Site "Sochi"]
[Date "2018.05.07"]
[Round "6.6"]
[White "Ofitserian, Boris"]
[Black "Goganov, Aleksey"]
[Result "0-1"]
[WhiteElo "2421"]
[BlackElo "2572"]
[PlyCount "86"]
[EventDate "2018.05.01"]
[EventType "team-tourn"]
[EventRounds "9"]
[EventCountry "RUS"]
[SourceTitle "CBM 184 Extra"]
[Source "ChessBase"]
[SourceDate "2018.06.28"]
[SourceVersion "1"]
[SourceVersionDate "2018.06.28"]
[SourceQuality "1"]
[WhiteTeam "Moscow Region"]
[BlackTeam "St Petersburg Bronze Horseman"]
[WhiteTeamCountry "RUS"]
[BlackTeamCountry "RUS"]

1. d4 d5 2. c4 c6 3. Nf3 Nf6 4. g3 Bg4 5. Ne5 Bf5 6. cxd5 cxd5 7. Nc3 Nc6 8. Bg2 e6 9. 0-0 Rc8 10. Bg5 Be7 11. Qa4 Qb6 12. e4 dxe4 13. g4 Bg6 14. h4 Qxb2 15. Nb5 Qb4 16. Qxb4 Nxb4 17. Nxa7 Ra8 18. Nb5 Ra5 19. a4 h6 20. Bxf6 gxf6 21. Nc4 Ra6 22. Nc7+ Kf8 23. Nxa6 bxa6 24. Rac1 Kg7 25. Ne3 h5 26. Rc7 Bd6 27. Rd7 Bf4 28. Rb1 Bxe3 29. Rxb4 Bd2 30. Rb2 e3 31. fxe3 Bxe3+ 32. Kf1 hxg4 33. d5 Bd3+ 34. Ke1 Rc8 35. Rd2 Bxd2+ 36. Kxd2 Bf5 37. Bf1 e5 38. Re7 Rc2+ 39. Kd1 g3 40. d6 g2 41. Bxg2 Rxg2 42. d7 Bxd7 43. Rxd7 Rg4 0-1

[Event "RUS-chT 25th"]
[Site "Sochi"]
[Date "2018.05.03"]
[Round "3.6"]
[White "Ofitserian, Boris"]
[Black "Lysyj, Igor"]
[Result "0-1"]
[WhiteElo "2421"]
[BlackElo "2630"]
[PlyCount "80"]
[EventDate "2018.05.01"]
[EventType "team-tourn"]
[EventRounds "9"]
[EventCountry "RUS"]
[SourceTitle "CBM 184 Extra"]
[Source "ChessBase"]
[SourceDate "2018.06.28"]
[SourceVersion "1"]
[SourceVersionDate "2018.06.28"]
[SourceQuality "1"]
[WhiteTeam "Moscow Region"]
[BlackTeam "Sverdlovskaya Sima Land"]
[WhiteTeamCountry "RUS"]
[BlackTeamCountry "RUS"]

1. d4 d5 2. Bf4 Nf6 3. e3 c5 4. c3 Nc6 5. Nd2 Bf5 6. Ngf3 e6 7. h3 cxd4 8. exd4 Bd6 9. Bxd6 Qxd6 10. Bb5 0-0 11. Qe2 Nd7 12. Nh4 Bg6 13. Nxg6 hxg6 14. 0-0 a6 15. Ba4 b5 16. Bc2 b4 17. f4 Rfc8 18. Qd3 Ne7 19. g4 bxc3 20. bxc3 Rab8 21. Rf3 Qa3 22. h4 Nf6 23. g5 Ne4 24. Nxe4 dxe4 25. Qxe4 Rxc3 26. Raf1 Nf5 27. Bb3 Rxf3 28. Rxf3 Qc1+ 29. Kh2 Qb2+ 30. Kg1 Rc8 31. Rd3 Rc1+ 32. Bd1 Qxa2 33. d5 Qc2 34. Qf3 Ne3 35. Qxe3 Rxd1+ 36. Rxd1 Qxd1+ 37. Kf2 Qxd5 38. Qa7 a5 39. Qb8+ Kh7 40. Qa7 Qf5 0-1

[Event "RUS-ch U20"]
[Site "Loo"]
[Date "2018.04.28"]
[Round "9"]
[White "Ofitserian, Boris"]
[Black "Khanin, Semen"]
[Result "1/2-1/2"]
[WhiteElo "2414"]
[BlackElo "2472"]
[PlyCount "145"]
[EventDate "2018.04.20"]
[EventType "tourn"]
[EventRounds "9"]
[EventCountry "RUS"]
[EventCategory "11"]
[SourceTitle "CBM 184 Extra"]
[Source "ChessBase"]
[SourceDate "2018.06.28"]
[SourceVersion "1"]
[SourceVersionDate "2018.06.28"]
[SourceQuality "1"]

1. c4 e5 2. g3 Nf6 3. Bg2 c6 4. Nf3 e4 5. Nd4 d5 6. cxd5 Qxd5 7. Nc2 Qh5 8. h3 Bd6 9. Nc3 Qg6 10. Ne3 0-0 11. 0-0 Re8 12. d3 exd3 13. Qxd3 Qxd3 14. exd3 Nbd7 15. Nc4 Bc7 16. b3 Nc5 17. d4 Nce4 18. Nxe4 Nxe4 19. Re1 Bf5 20. g4 Bg6 21. Ba3 Rad8 22. Ne5 Rxd4 23. Nxg6 hxg6 24. Bc5 Bb6 25. Bxd4 Bxd4 26. Rxe4 Rxe4 27. Bxe4 Bxa1 28. f4 Kf8 29. Kf2 Ke7 30. Bd3 b5 31. Be4 Kd6 32. Ke3 Bb2 33. Kd2 Ba3 34. Kc2 Kc5 35. Kd2 Kb6 36. h4 Be7 37. g5 Kc5 38. Ke3 Kd6 39. Kd3 Bd8 40. Ke3 Bb6+ 41. Kf3 Bd4 42. f5 gxf5 43. Bxf5 Bc3 44. g6 f6 45. Ke4 Bd2 46. h5 Bg5 47. Bc8 c5 48. Ba6 Kc6 49. Bc8 Bc1 50. Be6 Kd6 51. Bf7 a6 52. Bg8 a5 53. Bf7 a4 54. bxa4 bxa4 55. Be8 a3 56. Bf7 Kc6 57. Bc4 Bh6 58. Kd3 f5 59. Be6 f4 60. Kc4 Bg5 61. Bd5+ Kd6 62. Bf3 Bf6 63. Kd3 Ke5 64. Kc4 Kd6 65. Kd3 Be5 66. Ke4 c4 67. Bd1 Ke6 68. Be2 c3 69. Bd3 Kd6 70. Bc2 Ke6 71. Bd3 Bd6 72. Kd4 Be5+ 73. Ke4 1/2-1/2

[Event "RUS-ch U20"]
[Site "Loo"]
[Date "2018.04.23"]
[Round "4"]
[White "Ofitserian, Boris"]
[Black "Vavulin, Maksim"]
[Result "1-0"]
[WhiteElo "2414"]
[BlackElo "2570"]
[PlyCount "111"]
[EventDate "2018.04.20"]
[EventType "tourn"]
[EventRounds "9"]
[EventCountry "RUS"]
[EventCategory "11"]
[SourceTitle "CBM 184 Extra"]
[Source "ChessBase"]
[SourceDate "2018.06.28"]
[SourceVersion "1"]
[SourceVersionDate "2018.06.28"]
[SourceQuality "1"]

1. d4 g6 2. c4 Bg7 3. Nc3 e6 4. e4 Ne7 5. Nf3 d5 6. Bg5 dxe4 7. Nxe4 Nd7 8. Qa4 0-0 9. Qa3 f6 10. Bd2 b6 11. Bd3 Bb7 12. 0-0-0 a6 13. Rhe1 Re8 14. Bc2 Nf5 15. Qd3 Bf8 16. h4 Ng7 17. Bc3 f5 18. Neg5 b5 19. cxb5 Bd5 20. Bb3 Bxb3 21. axb3 h6 22. Nh3 Bd6 23. Ne5 axb5 24. Qxb5 Nb6 25. Nf4 Qxh4 26. g3 Qg5 27. Nexg6 Nd5 28. Bd2 Nxf4 29. Nxf4 Qf6 30. Qc4 h5 31. Kc2 Kf7 32. Rh1 Rh8 33. Rh4 Rh7 34. Rdh1 Rah8 35. Ra1 Ne8 36. Re1 Ng7 37. b4 Re8 38. Reh1 Kf8 39. Nxh5 Rxh5 40. Rxh5 Nxh5 41. Rxh5 Kf7 42. Rh7+ Kg8 43. Rh4 Qf7 44. b5 Rd8 45. Rh6 Re8 46. Qc6 Bf8 47. Rf6 Qxf6 48. Qxe8 f4 49. Bxf4 Qf5+ 50. Kd2 Qe4 51. Be5 Qf5 52. f4 Qg4 53. Bxc7 Qxg3 54. Qxe6+ Kh7 55. Qf5+ Kg8 56. Qg5+ 1-0

[Event "RUS-ch U20"]
[Site "Loo"]
[Date "2018.04.21"]
[Round "2"]
[White "Ofitserian, Boris"]
[Black "Lomasov, Semen"]
[Result "1/2-1/2"]
[WhiteElo "2414"]
[BlackElo "2550"]
[PlyCount "68"]
[EventDate "2018.04.20"]
[EventType "tourn"]
[EventRounds "9"]
[EventCountry "RUS"]
[EventCategory "11"]
[SourceTitle "CBM 184 Extra"]
[Source "ChessBase"]
[SourceDate "2018.06.28"]
[SourceVersion "1"]
[SourceVersionDate "2018.06.28"]
[SourceQuality "1"]

1. c4 e5 2. g3 Nc6 3. Bg2 Bc5 4. Nc3 d6 5. e3 a6 6. Nge2 Nge7 7. b3 Ba7 8. d3 Bf5 9. Nd5 Rb8 10. Bb2 Qd7 11. Nec3 Nxd5 12. Nxd5 Nd8 13. Qd2 c6 14. Nc3 0-0 15. 0-0 Bh3 16. Bxh3 Qxh3 17. Ba3 Qd7 18. d4 exd4 19. exd4 Ne6 20. d5 Nd4 21. Qd3 Rfe8 22. Rae1 b5 23. dxc6 Qxc6 24. Nd5 bxc4 25. bxc4 Bc5 26. Bxc5 dxc5 27. Rb1 Qd7 28. Kg2 Rxb1 29. Rxb1 h5 30. h4 Qg4 31. Nc7 Rd8 32. Nd5 Re8 33. Nc7 Rd8 34. Nd5 Re8 1/2-1/2

[Event "Moscow Aeroflot op-B 17th"]
[Site "Moscow"]
[Date "2018.02.23"]
[Round "4"]
[White "Ofitserian, Boris"]
[Black "Alikulov, Elbek"]
[Result "1-0"]
[WhiteElo "2420"]
[BlackElo "2347"]
[PlyCount "117"]
[EventDate "2018.02.20"]
[EventType "swiss"]
[EventRounds "9"]
[EventCountry "RUS"]
[SourceTitle "CBM 183 Extra"]
[Source "ChessBase"]
[SourceDate "2018.04.19"]
[SourceVersion "1"]
[SourceVersionDate "2018.04.19"]
[SourceQuality "1"]

1. d4 Nf6 2. c4 g6 3. Nf3 Bg7 4. Nc3 0-0 5. e4 d6 6. h3 e5 7. d5 a5 8. g4 Nfd7 9. Be3 Nc5 10. Be2 Nba6 11. Nd2 Bd7 12. a3 a4 13. h4 c6 14. Rb1 f5 15. gxf5 gxf5 16. h5 h6 17. f3 cxd5 18. cxd5 Qa5 19. Kf1 f4 20. Bf2 b5 21. b4 axb3 22. Nxb3 Qxc3 23. Be1 Nxe4 24. Bxc3 Nxc3 25. Qe1 Nxb1 26. Qxb1 Nc7 27. Rg1 Bf5 28. Bd3 Nxd5 29. Bxf5 Ne3+ 30. Kf2 Nxf5 31. Nd2 Rxa3 32. Qxb5 Kh8 33. Rc1 Bf6 34. Qd7 Bh4+ 35. Kf1 Re3 36. Qe6 d5 37. Qxd5 Rg8 38. Qe6 Ng3+ 39. Kg2 Nf5+ 40. Kh1 Ng3+ 41. Kh2 Bg5 42. Rc8 Rxc8 43. Qxc8+ Kg7 44. Nc4 Nxh5 45. Qd7+ Kf6 46. Nd6 e4 47. Nxe4+ Rxe4 48. fxe4 Ng3 49. Qe8 Kg7 50. Kg2 h5 51. Kf3 Nf1 52. Qe5+ Kg6 53. Qd6+ Kf7 54. Qd5+ Kg6 55. Qc6+ Kg7 56. Qb7+ Kh8 57. Qd5 Bh6 58. Qxh5 Nd2+ 59. Kg4 1-0

[Event "Moscow Aeroflot op-B 17th"]
[Site "Moscow"]
[Date "2018.02.21"]
[Round "2"]
[White "Ofitserian, Boris"]
[Black "Anand, Nadar"]
[Result "1/2-1/2"]
[WhiteElo "2420"]
[BlackElo "2262"]
[PlyCount "28"]
[EventDate "2018.02.20"]
[EventType "swiss"]
[EventRounds "9"]
[EventCountry "RUS"]
[SourceTitle "CBM 183 Extra"]
[Source "ChessBase"]
[SourceDate "2018.04.19"]
[SourceVersion "1"]
[SourceVersionDate "2018.04.19"]
[SourceQuality "1"]

1. d4 Nf6 2. c4 g6 3. Nc3 d5 4. Nf3 Bg7 5. g3 0-0 6. Bg2 c6 7. cxd5 cxd5 8. 0-0 Ne4 9. Ne5 Nxc3 10. bxc3 Nc6 11. Nxc6 bxc6 12. Ba3 Ba6 13. Re1 f5 14. f4 Qd7 1/2-1/2

[Event "Chigorin Memorial 25th"]
[Site "St Petersburg"]
[Date "2017.10.28"]
[Round "8"]
[White "Ofitserian, Boris"]
[Black "Levin, Evgeny A"]
[Result "1/2-1/2"]
[WhiteElo "2402"]
[BlackElo "2545"]
[PlyCount "40"]
[EventDate "2017.10.21"]
[EventType "swiss"]
[EventRounds "9"]
[EventCountry "RUS"]
[SourceTitle "CBM 181 Extra"]
[Source "ChessBase"]
[SourceDate "2017.12.12"]
[SourceVersion "1"]
[SourceVersionDate "2017.12.12"]
[SourceQuality "1"]

1. c4 Nf6 2. Nc3 e6 3. Nf3 b6 4. e3 Bb7 5. d4 d5 6. cxd5 exd5 7. g3 Nbd7 8. Bg2 Bd6 9. 0-0 0-0 10. b3 a6 11. Bb2 Qe7 12. Rc1 Rfe8 13. Ne1 Ne4 14. Nd3 g6 15. Qc2 Rac8 16. Nf4 Ndf6 17. Nce2 Ng4 18. Nc3 Ngf6 19. Nce2 Ng4 20. Nc3 Ngf6 1/2-1/2

[Event "Chigorin Memorial 25th"]
[Site "St Petersburg"]
[Date "2017.10.22"]
[Round "2"]
[White "Ofitserian, Boris"]
[Black "Oglaza, Oskar"]
[Result "1-0"]
[WhiteElo "2402"]
[BlackElo "2182"]
[PlyCount "83"]
[EventDate "2017.10.21"]
[EventType "swiss"]
[EventRounds "9"]
[EventCountry "RUS"]
[SourceTitle "CBM 181 Extra"]
[Source "ChessBase"]
[SourceDate "2017.12.12"]
[SourceVersion "1"]
[SourceVersionDate "2017.12.12"]
[SourceQuality "1"]

1. c4 f5 2. d4 Nf6 3. Nf3 g6 4. e3 Bg7 5. b4 0-0 6. Bb2 d6 7. Be2 e6 8. Nc3 Qe7 9. 0-0 Rd8 10. Qb3 Nbd7 11. Rfd1 Nf8 12. a4 h6 13. a5 g5 14. c5 Ng6 15. b5 g4 16. Ne1 Kh7 17. Ba3 dxc5 18. Nd3 Qe8 19. Nxc5 b6 20. Na6 Qf7 21. Nb4 Ne7 22. Bb2 Bb7 23. Bc4 Qh5 24. Ne2 Bd5 25. Nf4 Qf7 26. Nfxd5 Nfxd5 27. Nd3 bxa5 28. Rxa5 c6 29. Rda1 cxb5 30. Rxb5 f4 31. e4 Nb6 32. Bxe6 Qg6 33. Rf5 Nbd5 34. Bf7 Qb6 35. Qxb6 Nxb6 36. Rxf4 Bxd4 37. Bxd4 Rxd4 38. Ne5 Rad8 39. Bb3 Rb4 40. Rf7+ Kh8 41. Rxe7 Rxb3 42. Nf7+ 1-0